000 00623nam a2200205Ia 4500
003 GCL
008 140319s9999 xx 000 0 ara d
040 _aGCL /
_cGCL
082 0 4 _aد
_b050
_bا م
100 1 _aالمعهد الملكى للموسيقى العربية
245 1 0 _aالموسيقى /
_cالمعهد الملكى للموسيقى العربية
300 _aمتعدد
650 0 4 _aالمقامات
650 0 4 _aالمقامات العربية
650 0 4 _aالموسيقى
650 0 4 _aدوريات
650 0 4 _aالاذاعة
650 0 4 _aمقطوعات موسيقية
942 _2ddc
_cBK
999 _c27106
_d27106